Statistics for Presidential Firsts

Click here to take the quiz!

General Stats

  • This quiz has been taken 36 times
  • The average score is 15 of 45

Answer Stats

HintAnswer% Correct
First president to resign from officeNixon
91%
First president to serve non-consecutive termsCleveland
73%
First president to pardon another presidentFord
73%
First president to be CatholicKennedy
73%
First president to have more than two full termsRoosevelt (Frederick Delano)
73%
First president to be related to former presidentAdams (John Quincy)
64%
First president to be inaugerated on a planeJohnson (Lyndon B)
64%
First president to be multiethnicObama
64%
First president to have a star on the Hollywood Walk of FameReagan
64%
First president to be unmarriedBuchanan
59%
First president to be impeachedJohnson (Andrew)
59%
First president to be divorced more than onceTrump
55%
First president to have been born in a hospitalCarter
45%
First president to send an emailClinton
45%
First president to serve only one term in officeAdams (John)
41%
First president to serve in both world warsEisenhower
41%
First president to be elected after women had the right to voteHarding
41%
First president with a beardLincoln
41%
First president to be a DemocratJackson
36%
First president to wear glasses in their official presidental portraitRoosevelt (Theodore)
36%
First president to die while in officeHarrison (William Henry)
32%
First president to attend the Olympic Games in a foreign country while in officeBush (W)
27%
First president to have a Native American vice presidentHoover
27%
First president to be issued a Medicare cardTruman
27%
First president to issue a vetoWashington
27%
First president to receive the Presidential Medal of Freedom prior to taking officeBiden
23%
First president to declare warMadison
23%
First president born after the signing of the Declaration of IndependenceVan Buren
23%
First president to have been wounded in the Civil WarHayes
18%
First president to have a veto overriddenTyler
18%
First president to declare a national emergencyWilson
18%
First president to pardon a turkey for ThanksgivingBush (HW)
14%
First president to publish a memoirGrant
9%
First president to have his voice recordedHarrison (Benjamin)
9%
First president to have pets in the White HouseJefferson
9%
First president to use the term "First Lady"Taylor
9%
First president born in VermontArthur
5%
First president to be sworn in by a former presidentCoolidge
5%
First president born in the 1800sFillmore
5%
First president to be ambidextrousGarfield
5%
First president to ride in a carMcKinley
5%
First president to have a Christmas tree at the White HousePierce
5%
First president to be youger than 50 when inaugeratedPolk
5%
First president to ride a steamboatMonroe
0%
First president to use the Oval OfficeTaft
0%

Score Distribution

Percentile by Number Answered

Percent of People with Each Score

Your Score History

You have not taken this quiz